<?xml version='1.0' encoding='UTF-8'?>
  <record xmlns="http://www.loc.gov/MARC21/slim">
    <leader>00000cdm a22000007i 4500</leader>
    <controlfield tag="001">ocn965407156</controlfield>
    <controlfield tag="003">OCoLC</controlfield>
    <controlfield tag="005">20250409002437.3</controlfield>
    <controlfield tag="008">100331q16521652xx   a         n    dut d</controlfield>
    <datafield tag="040" ind1=" " ind2=" ">
      <subfield code="a">QGJ</subfield>
      <subfield code="b">dut</subfield>
      <subfield code="c">QGJ</subfield>
      <subfield code="d">OCLCA</subfield>
      <subfield code="d">OCLCO</subfield>
      <subfield code="d">QGJ</subfield>
      <subfield code="d">OCLCL</subfield>
      <subfield code="d">OCLCQ</subfield>
    </datafield>
    <datafield tag="035" ind1=" " ind2=" ">
      <subfield code="a">(OCoLC)965407156</subfield>
    </datafield>
    <datafield tag="041" ind1=" " ind2=" ">
      <subfield code="a">dut</subfield>
    </datafield>
    <datafield tag="245" ind1="0" ind2="0">
      <subfield code="a">Handschrift Camphuysen</subfield>
      <subfield code="h">[muziekhandschrift]</subfield>
      <subfield code="f">UBU Hs. 20 A 5.</subfield>
    </datafield>
    <datafield tag="246" ind1="1" ind2=" ">
      <subfield code="a">Camphuysen-handschrift</subfield>
    </datafield>
    <datafield tag="246" ind1="1" ind2=" ">
      <subfield code="a">Camphuysen manuscript</subfield>
    </datafield>
    <datafield tag="260" ind1=" " ind2=" ">
      <subfield code="c">[na 1652]</subfield>
    </datafield>
    <datafield tag="300" ind1=" " ind2=" ">
      <subfield code="a">78 fol. ;</subfield>
      <subfield code="c">156 x 197 (144 x 173) mm</subfield>
    </datafield>
    <datafield tag="336" ind1=" " ind2=" ">
      <subfield code="a">notated music</subfield>
      <subfield code="b">ntm</subfield>
      <subfield code="2">rdacontent</subfield>
    </datafield>
    <datafield tag="337" ind1=" " ind2=" ">
      <subfield code="a">unmediated</subfield>
      <subfield code="b">n</subfield>
      <subfield code="2">rdamedia</subfield>
    </datafield>
    <datafield tag="338" ind1=" " ind2=" ">
      <subfield code="a">volume</subfield>
      <subfield code="b">nc</subfield>
      <subfield code="2">rdacarrier</subfield>
    </datafield>
    <datafield tag="340" ind1=" " ind2=" ">
      <subfield code="a">papier.</subfield>
    </datafield>
    <datafield tag="524" ind1=" " ind2=" ">
      <subfield code="a">Te citeren als: UB Utrecht Hs. 20 A 5.</subfield>
    </datafield>
    <datafield tag="500" ind1=" " ind2=" ">
      <subfield code="a">Bevat bewerkingen van geestelijke en wereldlijke melodieën, deels uit de Stichtelycke rymen van Dirck Rafaelsz Camphuysen. (Hoorn, 1924).</subfield>
    </datafield>
    <datafield tag="500" ind1=" " ind2=" ">
      <subfield code="a">Blanco pagina's: 12r, 27v, 28r, 30r-30v, 31r, 52v-78v.</subfield>
    </datafield>
    <datafield tag="500" ind1=" " ind2=" ">
      <subfield code="a">Op muziekpapier gedrukt bij Paulus Matthijsz te Amsterdam, notatie op 6 lijnen.</subfield>
    </datafield>
    <datafield tag="500" ind1=" " ind2=" ">
      <subfield code="a">Bevat: De Mensch wiens hert gelijck vruchtbaer aerd is. Wanneer het hert. Een dorstig hert. Aij mij wat plagen. Daer en is niet in mijn leven. Door eijgen liefdes. Psalm 8. Wel aen o alle vromen. Alleen niet 't kruijs van Godes sone. Hoe ongelijcken lot. Aij mij wat plagen. Wel aen o alle vromen. Hoor na mij. De soete meeremin. De mens wiens hert. Brabantse dragonders mars. Moetm: in alles sich verzaken. Gij die uyt 's werelts droom. Godt Schiep den Mens vol eere. Een dorstig hert. Godt schiep den mens vol eere. Psalm 74. De mensch wiens hert. Blijtschap van mij vliet. Wel aen o alle vroomen. Psalm 146. Bewaert mij Godt. De Engelsche fortuijn. Hoe ongelijcken lot. Daphne. Psalm 65, 116, 23, 100, 5, 8.</subfield>
    </datafield>
    <datafield tag="500" ind1=" " ind2=" ">
      <subfield code="a">Gepubliceerd in: Nederlandse klaviermuziek uit de 16e en 17e eeuw / ed. by Alan Curtis. - Amsterdam, 1961.</subfield>
    </datafield>
    <datafield tag="500" ind1=" " ind2=" ">
      <subfield code="a">Aangekocht in 1960 uit collectie Hans Brandts Buys (signatuur: 1 B 37).</subfield>
    </datafield>
    <datafield tag="562" ind1=" " ind2=" ">
      <subfield code="a">ex. mifi 2 O 22: microfilm 35 mm.</subfield>
      <subfield code="5">NL-UtRU</subfield>
    </datafield>
    <datafield tag="563" ind1=" " ind2=" ">
      <subfield code="a">Perkamenten band.</subfield>
    </datafield>
    <datafield tag="500" ind1=" " ind2=" ">
      <subfield code="a">Imprint: t'Amsterdam, by Paulus Matthysz in t'Musyc-boek, is alderley gelinieert Papier Italiaensche, en andere Musyc te koop.</subfield>
    </datafield>
    <datafield tag="655" ind1=" " ind2="7">
      <subfield code="a">Handschriften (vorm)</subfield>
      <subfield code="0">(NL-LeOCL)088143309.</subfield>
      <subfield code="2">gtt</subfield>
    </datafield>
    <datafield tag="700" ind1="1" ind2=" ">
      <subfield code="a">Camphuysen, Dirck Rafaelsz,</subfield>
      <subfield code="d">1586-1627.</subfield>
      <subfield code="1">https://id.oclc.org/worldcat/entity/E39PBJq6Y7kKTqgyHW7W4ptHYP</subfield>
    </datafield>
    <datafield tag="700" ind1="1" ind2=" ">
      <subfield code="a">Brandts Buys, Hans,</subfield>
      <subfield code="e">former owner.</subfield>
      <subfield code="4">fmo</subfield>
      <subfield code="5">NL-UtRU</subfield>
    </datafield>
    <datafield tag="856" ind1="4" ind2="1">
      <subfield code="u">http://objects.library.uu.nl/reader/resolver.php?obj=002311150&amp;type=2</subfield>
      <subfield code="x">Online</subfield>
      <subfield code="z">Full Text</subfield>
    </datafield>
    <datafield tag="936" ind1=" " ind2=" ">
      <subfield code="a">BATCHLOAD</subfield>
    </datafield>
  </record>